[Event "Dortmund Sparkassen op-B"]
[Site "Dortmund"]
[Date "2011.07.27"]
[Round "5"]
[White "Nadrowski, Joseph"]
[Black "Schrimpl, Michael"]
[Result "1-0"]
[WhiteElo "1643"]
[BlackElo "1462"]
[PlyCount "113"]
[EventDate "2011.07.23"]
[EventType "swiss"]
[EventRounds "9"]
[EventCountry "GER"]
[SourceTitle "EXT 2013"]
[Source "ChessBase"]
[SourceDate "2012.11.22"]
[SourceVersion "1"]
[SourceVersionDate "2012.11.22"]
[SourceQuality "1"]

1. Nc3 Nf6 2. e4 d6 3. d4 g6 4. Bc4 Bg7 5. Nf3 0-0 6. 0-0 Bg4 7. h3 Bxf3 8. Qxf3 e6 9. Bg5 Nbd7 10. Rad1 Qc8 11. Bb3 h6 12. Bc1 c6 13. g4 c5 14. Ba4 Nb6 15. e5 dxe5 16. dxe5 Nfd5 17. Bb5 c4 18. b3 cxb3 19. Nxd5 Nxd5 20. cxb3 Nc3 21. Bd7 Qc7 22. Rd3 Nxa2 23. Ba3 Rfd8 24. Rfd1 Bf8 25. Bxf8 Rxf8 26. Qe3 Kg7 27. Qd2 Qxe5 28. Qxa2 h5 29. Qa1 Qxa1 30. Rxa1 hxg4 31. hxg4 Kf6 32. b4 Ke7 33. Bb5 Rfd8 34. Rxd8 Kxd8 35. Rd1+ Kc7 36. Rd7+ Kb6 37. Bf1 a5 38. bxa5+ Rxa5 39. Rxf7 g5 40. Bg2 Ra1+ 41. Kh2 Ra4 42. Rxb7+ Kc5 43. Kg3 Kd6 44. Rg7 Ra5 45. Be4 Rc5 46. f3 Ra5 47. Rg6 Ke7 48. Rg7+ Kf6 49. Rb7 Ra6 50. Bc2 Rd6 51. Rh7 Rd2 52. Rh6+ Kf7 53. Be4 Rb2 54. Rh7+ Kf6 55. Rb7 Rxb7 56. Bxb7 e5 57. Kf2 1-0

[Event "Dortmund Sparkassen op-B"]
[Site "Dortmund"]
[Date "2010.07.19"]
[Round "3"]
[White "Nadrowski, Joseph"]
[Black "Schorr, Joerg"]
[Result "0-1"]
[WhiteElo "1633"]
[BlackElo "1936"]
[PlyCount "76"]
[EventDate "2010.07.17"]
[EventType "swiss"]
[EventRounds "9"]
[EventCountry "GER"]
[SourceTitle "EXT 2014"]
[Source "ChessBase"]
[SourceDate "2013.11.20"]
[SourceVersion "1"]
[SourceVersionDate "2013.11.20"]
[SourceQuality "1"]

1. Nc3 c5 2. Nf3 Nc6 3. g3 g6 4. Bg2 Bg7 5. 0-0 d6 6. e4 e5 7. d3 Nge7 8. Be3 0-0 9. Qd2 Be6 10. a3 Nd4 11. Bh6 Bxh6 12. Qxh6 f6 13. Nxd4 cxd4 14. Nd5 Bxd5 15. exd5 Rc8 16. Qd2 Rc5 17. Rfc1 Qb6 18. c4 dxc3 19. bxc3 Qa5 20. Qc2 Nf5 21. a4 Nd4 22. Qb2 Rxc3 23. Bf1 Rfc8 24. Rxc3 Qxc3 25. Qb1 b6 26. Bh3 Rc7 27. Qf1 Nf3+ 28. Kh1 Qb2 29. Rb1 Qa2 30. Be6+ Kg7 31. Ra1 Qb2 32. Rb1 Qd4 33. Qe2 Ng5 34. Qd2 e4 35. Rc1 Rxc1+ 36. Qxc1 Qxf2 37. Qc7+ Kh6 38. Qxd6 Qf1# 0-1

[Event "Dortmund op-B"]
[Site "Dortmund"]
[Date "2009.07.11"]
[Round "8"]
[White "Krueger, Georg"]
[Black "Nadrowski, Joseph"]
[Result "1/2-1/2"]
[WhiteElo "1777"]
[BlackElo "1742"]
[PlyCount "47"]
[EventDate "2009.07.04"]
[EventType "swiss"]
[EventRounds "9"]
[EventCountry "GER"]
[SourceTitle "EXT 2012"]
[Source "ChessBase"]
[SourceDate "2011.11.24"]
[SourceVersion "1"]
[SourceVersionDate "2011.11.24"]
[SourceQuality "1"]

1. Nf3 d5 2. d4 e6 3. c4 Be7 4. g3 Nf6 5. Bg2 0-0 6. 0-0 Nbd7 7. Qc2 c5 8. cxd5 Nxd5 9. dxc5 Nxc5 10. Rd1 Bd7 11. e4 Nf6 12. Nc3 Rc8 13. Ne5 Qe8 14. Nxd7 Ncxd7 15. Qe2 Bb4 16. Nb5 Qe7 17. a3 Bc5 18. Nc3 Ne5 19. Na4 b6 20. Nxc5 Rxc5 21. Bf4 Rfc8 22. Rac1 Rxc1 23. Rxc1 Rxc1+ 24. Bxc1 1/2-1/2